000 00393nam a22001697a 4500
005 20160628123104.0
008 160628b xxu||||| |||| 00| 0 eng d
020 _a81-229-0166-2
041 _aeng
082 _b10770
100 _aSilvia, Tony
_92731
245 _aGlobal News
260 _bsurjeet Publications
_c2004
300 _a191
650 _aMass Communication
_92660
942 _cBK
999 _c4410
_d4409